00532nam a2200181Ia 4500003000900000008004100009020001800050040001600068080001700084245010300101260003700204300001000241650001900251650001100270650001500281700002500296700002900321IN-BaIIA211028s9999 xx 000 0 eng d a0-85685-031-4 cIIA Library a635.965bGHB 0aplants for potscedited by Ursula Robertshaw and Lynn Dicknett  aLondonbGolden Hands Booksc1975 a127p. aNASA thesaurus aPlants aPot plants aDicknett, Lynn., ed. aRobertshaw, Ursula., ed.